Pohľad na vývoz zo Slovenska štruktúrnou optikou
Zostrujúca sa globálna konkurencia na svetových trhoch, ale aj súčasná nepredvídateľná situácia v medzinárodnom obchode, vyznačujúca sa odstupom od doteraz platných princípov a zvýšenými reguláciami zo strany rozhodujúcich aktérov, kladie veľký dôraz na kvalitu exportovanej produkcie, jej originalit...
Gespeichert in:
| 1. Verfasser: | |
|---|---|
| Format: | Buchkapitel |
| Sprache: | Slowakisch |
| Schlagworte: | |
| Tags: |
Keine Tags, Fügen Sie das erste Tag hinzu!
|
MARC
| LEADER | 00000nla a2200000 4500 | ||
|---|---|---|---|
| 001 | 0246481 | ||
| 005 | 20240502073945.5 | ||
| 041 | 0 | |a slo | |
| 044 | |a SK | ||
| 245 | 1 | 0 | |a Pohľad na vývoz zo Slovenska štruktúrnou optikou |c Elena Fifeková |
| 520 | |a Zostrujúca sa globálna konkurencia na svetových trhoch, ale aj súčasná nepredvídateľná situácia v medzinárodnom obchode, vyznačujúca sa odstupom od doteraz platných princípov a zvýšenými reguláciami zo strany rozhodujúcich aktérov, kladie veľký dôraz na kvalitu exportovanej produkcie, jej originalitu a ťažkú imitovateľnosť. Ide o tie oblasti, ktoré limitujú úroveň konkurenčnej schopnosti exportu a robia ho cyklicky zraniteľným. Pozícia exportu zo SR. | ||
| 610 | 2 | 0 | |a obchod zahraničný |
| 610 | 2 | 0 | |a Slovensko |
| 610 | 2 | 0 | |a vývoz |
| 610 | 2 | 0 | |a konkurencieschopnosť |
| 610 | 2 | 0 | |a globalizácia |
| 100 | 1 | |a Fifeková, Elena | |